000
00308nam a22001337a 4500
003
SGT
020
_a
97815-43343-24-3
082
_a
615.1
_b
AMB
100
_a
AMBADE, SHILPA MANDE
245
_a
DIETARY SUPPLEMENTS AND NUTRACEUTICALS
260
_a
INDIA
_b
S. VIKASH
_c
2019
300
_a
302
942
_2
ddc
_c
BK
999
_c
32496
_d
32496